Statistiques concernant Werenoi : discographie

Cliquez ici pour prendre le quiz!

Statistiques générales

  • Ce quiz a été pris 45 fois
  • Le résultat moyen est 27 sur 73

Statistiques - réponses

Réponse% Correct
Pyramide
91%
Tu connais
68%
3 singes
65%
Chemin d'or
65%
Chemin de diamant
62%
Mauvaise
62%
Maudit
59%
CR
56%
La league
56%
Chaleur
53%
Intro Morphée
53%
Intro Rolex
53%
Dans un verre
50%
Laboratoire
50%
Magot
50%
Solitaire
50%
Téléphérique
50%
Tout seul
50%
All eyes on me
47%
Ciao
47%
Faf
47%
Virus
47%
Escorte
44%
Grisaille
44%
Je suis en moto
44%
La vie de star
44%
Location
44%
Scarface
44%
16.02.2024
41%
Satan 2
41%
Selfie
41%
10.03.2023
38%
Animal
38%
FBI
38%
Jamal
38%
Maison hantée
38%
Nos labels c'est du papel
38%
Vulgaire
38%
3x filtré
35%
Casse bélier
35%
Ordinateur
35%
Guadalajara
32%
Millionaire
32%
Rude boy
32%
Le sas
29%
PHOTO
29%
Rolls Royce
29%
Déjà vu
26%
Figaro
26%
Picasso
26%
Salaire
26%
Vroum Vroum
26%
Balmain
24%
Bang
24%
Boussole
24%
Crédibilité
24%
Criminel
24%
Derek
24%
Des ténèbres
24%
Fort
24%
Senor de los Gallos
24%
Tucibi
24%
7 vie la
21%
9 17
21%
Les codes
21%
Ndrangheta
21%
Témoin
21%
L'ancien
18%
Under Armour
18%
La vie de César
12%
Sale histoire
12%
Ali
9%
ON EN REPARLERA
9%

Distribution des résultats

Percentile par nombre de réponses

% des personnes avec chaque résultat

Votre développement - résultats

Vous n’avez pas pris ce quiz